000 00897nam a22002177a 4500
005 20140726134402.0
010 _aB-538712
020 _a9788175345584
_c195.00
035 _aB-538712
037 _bUBH
082 _a342.5408
100 _aSingh, M. P.
245 _aOutlines of Indian legal & cinstitutional history:
_bncluding elements of Indian legal system/
_cby Mahendra P. Singh.
250 _a8th ed..-
260 _aNew Delhi
_bUniversal Law Publishing
_c2014
270 _aA-58, G.T. Karnal Road Industrial Area, (near Azad Pur Metro Station)
_bDelhi
_e110033
_k011-47082254, 27458529, 27215334
_l011-27458529
300 _a220p
_c24 cm(pbk)
500 _a Includes index
942 _2ddc
_cEN
_h342.5408
_mSIN
999 _c87466
_d87466